ბათუმის შოთა რუსთაველის სახელმწიფო უნივერსიტეტის ბიბლიოთეკა

The Complete Home Decorating Book (ბიბ.ჩანაწერი № 47423)

000 -LEADER
fixed length control field 00430nam a2200193Ia 4500
001 - CONTROL NUMBER
control field 14285
003 - CONTROL NUMBER IDENTIFIER
control field GE_BSU
008 - FIXED-LENGTH DATA ELEMENTS--GENERAL INFORMATION
fixed length control field 181216s||||||||xx |||||||||||||| ||und||
040 ## - CATALOGING SOURCE
Transcribing agency GE_BSU
080 ## - UNIVERSAL DECIMAL CLASSIFICATION NUMBER
Universal Decimal Classification number 746
100 ## - MAIN ENTRY--PERSONAL NAME
Personal name Barnard,Nicholas
245 #4 - TITLE STATEMENT
Title The Complete Home Decorating Book
260 ## - PUBLICATION, DISTRIBUTION, ETC.
Place of publication, distribution, etc. London
260 ## - PUBLICATION, DISTRIBUTION, ETC.
Name of publisher, distributor, etc. BCA
260 ## - PUBLICATION, DISTRIBUTION, ETC.
Date of publication, distribution, etc. 1994
300 ## - PHYSICAL DESCRIPTION
Extent 288p.ill.
653 ## - INDEX TERM--UNCONTROLLED
Uncontrolled term The Complete Home Decorating Book
942 ## - ADDED ENTRY ELEMENTS (KOHA)
Koha item type წიგნი
ეგზემპლარები
Withdrawn status Lost status Damaged status Not for loan Date acquired Barcode Date last seen Price effective from Koha item type
        2018-12-17 37631 2018-12-17 2018-12-17 წიგნი